02602cam a22004934i 4500003000900000005001700009008004100026020001800067035002700085040003300112049000900145082001900154100003100173245007500204264003500279300003800314336002100352337002500373338002300398505087000421526001001291526001001301526001001311526001001321526000801331526000801339526000801347526000801355526000801363526000801371526000801379541001701387630004601404630004001450700003001490910002201520942001401542949012001556994001401676596000601690999017601696980005501872952018101927PE-LiUPU20250731173413.0150706s2010 txu r 000 0 spa d a9780311030651 a(Sirsi) i9780311030651 aPE-LiUPUbspacPE-LiUPUerda aPRUA04a220.6bK172211 aKaiser, Walter C.,eautor.10aPasajes difíciles de la Biblia /cWalter C. Kaiser, Peter H. Davids. 1aTexas :bMundo Hispano,c2010. a803 páginas ;c24 centímetros atext2rdacontent aunmediated2rdamedia avolume2rdacarrier0 a¿Cómo sabemos quién escribió la Biblia? -- ¿Podemos creer en los milagros bíblicos? -- ¿Por qué parece Dios tan enojado en el Antiguo Testamento y tan amoroso en el Nuevo? -- ¿Por qué las genealogías bíblicas no siempre concuerdan? -- ¿No están equivocados muchos de los números del Antiguo Testamento? -- ¿Concuerdan las fechas de los reyes del Antiguo Testamento con la historia secular? -- ¿Apoya la arqueología la historia bíblica? -- Cuando los profetas dicen "vino a mí la palabra del Señor", ¿qué significa? -- ¿Son verdaderamente precisas las profecías del Antiguo Testamento? -- ¿Por qué el Nuevo Testamento no siempre cita el Antiguo Testamento exactamente? -- ¿Son ciertos los relatos de demonios del Nuevo Testamento? -- ¿Por qué hay cuatro Evangelios distintos? -- Antiguo Testamento -- Nuevo Testamento. aSEG42 aSEG41 aSEG40 aSEG39 aP94 aP87 aP86 aP85 aP77 aP76 aP35 g001-0000557; aBibliaxCrítica, interpretación, etc. aBibliaxEvidencias, autoridad, etc.1 aDavids, Peter H.,eautor. aglcjckd20111205 2ddccBOOK a220.6 K17wDEWEYc1i64092lCCODEBUL1mBULp51.00r0sYtBOOKu2015-7-6xTEOLOGIAPP35o.STAFF. Colección General aC0bPEPRU a1 a220.6 K17wDEWEYc52933i64092d52933e2018-4-18f2021-11-11g5lCCODEBUL1mBULn11p51.00q13r0sYtBOOKu2015-7-6xTEOLOGIAPP350COMPRAo.STAFF. Colección Teología 81gALBERTO SANCHEZ Responsable de Automatización r2025-12-02 00:00:00i6l11o220.6 K17p64092s2018-04-18te1v56.00w2015-07-06xFTyBKzinventario-2023-12-13102ddc50708GENfP35aBULbBULcGENd2015-07-06eCOMPRAg51.00